00195nam a2200073Ia 4500008004100000100001700041245004500058260001800103170617s9999 xx 000 0 und d aEncyclopedia 4aThe Encyclopedic Atlas of the Human Body bMumbai-Source